Giáo trình thống kê thương mại

Gardado en:
Detalles Bibliográficos
Autor Principal: Nguyễn Thiệp
Formato: Libro
Idioma:Undetermined
Publicado: Hà Nội Trường Đại học Kinh tế quốc dân 1996
Những chủ đề:
Các nhãn: Engadir etiqueta
Sen Etiquetas, Sexa o primeiro en etiquetar este rexistro!
Thư viện lưu trữ: Trung tâm Học liệu Trường Đại học Cần Thơ
LEADER 00547nam a2200169Ia 4500
001 CTU_20770
008 210402s9999 xx 000 0 und d
082 |a 380.10212 
082 |b Th307 
100 |a Nguyễn Thiệp 
245 0 |a Giáo trình thống kê thương mại 
245 0 |c Nguyễn Thiệp, Phan Công Nghĩa 
260 |a Hà Nội 
260 |b Trường Đại học Kinh tế quốc dân 
260 |c 1996 
650 |a commerce - statistics 
980 |a Trung tâm Học liệu Trường Đại học Cần Thơ